000 00448nam a2200157Ia 4500
008 220204s9999 xx 000 0 und d
020 _a1855733056
082 _a630*813
_bKEN
100 _aKennedy, John F
245 4 _aThe chemistry and processing of wood and plant fibrous materials
260 _aEngland
_bWoodhead Publishing
_c1996
650 _aFibre processing
650 _aFibre resources
650 _aNon fibre resources
942 _cBK
999 _c42579
_d42579